| 000 | 01181cam a2200325 a 4500 | ||
|---|---|---|---|
| 999 |
_c234232 _d234232 |
||
| 001 | 744300 | ||
| 003 | Nust | ||
| 005 | 20170316122241.0 | ||
| 008 | 990520s1998 enk b 001 0 eng d | ||
| 010 | _a 99208468 | ||
| 020 | _a185383565X (pbk.) | ||
| 020 | _a1853835668 (hbk.) | ||
| 035 | _a(DLC) 99208468 | ||
| 035 | _a(OCoLC)40323432 | ||
| 040 |
_aIL# _cIL# _dTJC _dUKM _dDLC |
||
| 042 | _alccopycat | ||
| 050 | 0 | 0 |
_aHB883.5 _b.S58 1998 |
| 082 | 0 | 0 |
_a300 SHA _221 |
| 100 | 1 | _aSingh, Jyoti Shankar, | |
| 245 | 1 | 0 |
_aCreating a new consensus on population : _bthe International Conference on Population and Development / _cJyoti Shankar Singh. |
| 260 |
_aLondon : _bEarthscan, _c1998. |
||
| 300 |
_axvi, 215 p. ; _c24 cm. |
||
| 500 | _aP.B | ||
| 504 | _aIncludes bibliographical references (p. [196]-203) and index. | ||
| 611 | 2 | 0 |
_aInternational Conference on Population and Development _d(1994 : _cCairo, Egypt) |
| 650 | 0 | _aPopulation policy. | |
| 650 | 0 | _aPopulation. | |
| 906 |
_a7 _bcbc _ccopycat _d3 _encip _f19 _gy-gencatlg |
||
| 942 |
_2ddc _cBK _k300 SHA |
||